| 000 | 00508nam a22001937a 4500 | ||
|---|---|---|---|
| 003 | MPLRDC | ||
| 005 | 20220104201516.0 | ||
| 008 | 210129b ||||| |||| 00| 0 eng d | ||
| 020 | _a978-7-80218-487-9 | ||
| 082 | _a805.188 HH | ||
| 100 | _a浩瀚 主编 | ||
| 245 |
_a你一定会说的职场英语口语 _c |
||
| 250 | _a初版一刷 | ||
| 260 |
_a中国 _b中国宇航出版社 _c2009 |
||
| 300 | _b平 | ||
| 520 | _a上架 2017-06-02。 | ||
| 650 | _a英语会话读本 | ||
| 942 |
_cBK _o805.188 HH |
||
| 999 |
_c67210 _d67200 |
||